Obálka Náhled e-knihy:
PDF Epub
Pro půjčování e-knih musíte být přihlášeni.
Jak si půjčit online?

Vykladač I /

Janis z Morfenu, nechutně bohatý a přiměřeně zkažený králův rádce, je objektem obdivu, závisti a pomluv, ale současně i vykladačem triftových karet. A jak už to na Tenerisu chodí, vykladač, který se jednou jedinkrát v předpovědi mine, propadá ohni. Z pragmatických důvodů uzavírají vykladači dohody s...

Celý popis

Uloženo v:
Série:Vykladač, část 1
Hlavní autor: Dvořáková, Miroslava (Autor)
Médium: E-kniha
Jazyk:Czech
Vydáno: Praha : E-knihy jedou, 2026
Příbuzné jednotky:Z cyklu:: Vykladač
Tagy:
Žádné tagy
LEADER 01666nam a22002417i 4500
001 302766
007 ta
008 260514s2026 xr ||||| |||| 00| 0 cze d
020 |a 9990004270770 
044 |a xr 
100 1 |a  Dvořáková, Miroslava  |4 aut 
245 1 0 |a Vykladač I /  |c  Dvořáková, Miroslava 
264 1 |a Praha :  |b E-knihy jedou,  |c 2026 
300 |a 1 online zdroj (372 stran) 
336 |a text  |b txt  |2 rdacontent 
337 |a bez média  |b n  |2 rdamedia 
338 |a online zdroj  |b cr  |2 rdacarrier 
520 2 |a Janis z Morfenu, nechutně bohatý a přiměřeně zkažený králův rádce, je objektem obdivu, závisti a pomluv, ale současně i vykladačem triftových karet. A jak už to na Tenerisu chodí, vykladač, který se jednou jedinkrát v předpovědi mine, propadá ohni. Z pragmatických důvodů uzavírají vykladači dohody se silami, které je před omyly chrání. I když Janis nabídkám o dohodu zarytě odolává, jeho předpovědi, kupodivu, vycházejí. Jakmile se ale zaplete do zápasu mezi starými a novými bohy, je každým dalším krokem blíže maléru. Pokouší svůj osud tak úporně, jako kdyby si o tu hranici opravdu koledoval. 
787 0 8 |g 1  |i Z cyklu:  |t Vykladač 
910 |a RBIT002 
998 |d 427077  |a https://core.palmknihy.cz/api/books/427077/cover?textus  |b https://core.palmknihy.cz/api/books/427077/cover/400?textus  |c https://core.palmknihy.cz/api/books/427077/cover/50?textus  |e   |g 372  |i 9990004270770  |j https://core.palmknihy.cz/api/books/427077/preview.epub  |k https://core.palmknihy.cz/api/books/427077/preview.pdf  |l   |q 49  |r 1  |s https://www.palmknihy.cz/kniha/427077  |t ebook  |y 2026  |z 1  |v Vykladač  |w 1 
999 |d 302764